000 00502nam a22001457a 4500
005 20160303122000.0
008 160303b xxu||||| |||| 00| 0 eng d
040 _cPK-LaUMT
082 _aMMC 954.91
_bMEH-M
100 _aمحمود مرزا
245 _aمسلم ریاست جدید کیسے بنے
_bمعاشرتی رویوں کے فکری اور کلچرل پہلووں پر ایک نظر
_cمحمود مرزا
260 _aلاہور
_bدارالتذکیر
_c2005
300 _a166 ص
942 _cBK
999 _c84074
_d84074